Lý thuyết các quá trình đúc
Những vấn đề lí thuyết cơ bản và những ví dụ áp dụng
Uloženo v:
| Hlavní autor: | |
|---|---|
| Médium: | Kniha |
| Jazyk: | Undetermined |
| Vydáno: |
Hà Nội
KHKT
1974
|
| Témata: | |
| Tagy: |
Přidat tag
Žádné tagy, Buďte první, kdo otaguje tento záznam!
|
| Thư viện lưu trữ: | Trung tâm Học liệu Trường Đại học Cần Thơ |
|---|
| LEADER | 00571nam a2200181Ia 4500 | ||
|---|---|---|---|
| 001 | CTU_11702 | ||
| 008 | 210402s9999 xx 000 0 und d | ||
| 082 | |a 671.2 | ||
| 082 | |b P961 | ||
| 100 | |a I Prjibyl | ||
| 245 | 0 | |a Lý thuyết các quá trình đúc | |
| 245 | 0 | |c I Prjibyl, Lê Văn Chúc | |
| 260 | |a Hà Nội | ||
| 260 | |b KHKT | ||
| 260 | |c 1974 | ||
| 520 | |a Những vấn đề lí thuyết cơ bản và những ví dụ áp dụng | ||
| 650 | |a foundries,metal-work | ||
| 980 | |a Trung tâm Học liệu Trường Đại học Cần Thơ | ||